000 00986nam a2200253 i 4500
001 190555
003 ES-MaACL
005 20240207215703.0
008 210902s1989 sp 001 0|spa d
020 _a978-84-03-59011-3
245 0 3 _aLa desavenencia :
_bpartido, sindicatos y huelga general /
_cselección de textos, introducciones y epílogo de Santos Juliá.
260 _aMadrid :
_bEl País :
_bAguilar,
_c[1989]
300 _a328 p. ;
_c21 cm.
610 2 4 _aPartido Socialista Obrero Español.
_96155
650 4 _aSindicatos-
_zEspaña.
_917119
650 4 _aHuelga general, España, 1988.
_9173662
651 4 _aEspaña-
_xPolítica y gobierno-
_y1982-1996.
_98449
700 1 _aJuliá, Santos,
_d1940-2019
_967236
852 4 _aES-MaACL
_jA-14776
_9197733
_bR.152314
_cDEPO1
_dOlim: N-7776
_hDonación: José Lázaro
903 _9234219
_aLázaro García, José
_ednr
942 _2udc
_cMONOGRAFIA
999 _c190555
_d190555